LDR 00978naa#a2200169#i#450# 001 RU\\bibl\121425 005 20260516130248.6 011 ## _a1994-4683 100 ## _a20230531b2023####ek#y0rusy0150####ca 102 ## _aRU 200 1# _aСРАВНИТЕЛЬНЫЙ АНАЛИЗ РЕЗУЛЬТАТОВ ГОСУДАРСТВЕННОГО ЭКЗАМЕНА ПО ФИЗИЧЕСКОЙ ПОДГОТОВКЕ ВОЕННОЙ АКАДЕМИИ ВОЗДУШНО-КОСМИЧЕСКОЙ ОБОРОНЫ С 2018 ПО 2022 ГОД _eЖурнальная статья 210 1# _aМосква _cНациональный государственный Университет физической культуры, спорта и здоровья им. П.Ф. Лесгафта _d2023 215 ## _a4 с. 608 ## _aЖурнальная статья _2local 675 ## _aМетоды проверки и оценки успеваемости. 378.146 _z 700 #1 _aКостенко _gР И 856 4# _auchzapiski.lesgaft.spb.ru _u